01378nam a22002657a 450000500170000000800410001702000180005804000270007604100080010304400070011108200170011810000370013524501380017226000970031030000760040749000430048350000250052650400620055150503620061365000310097565000190100665000390102565000390106465000090110320180803170158.0150923b2015 ck |||||r|||| 00| 0 eng d a9789589205846 aCO-BoIAVH cCO-BoIAVH 0 aspa ack04a598.17bV51a1 aVerhelst-Montenegro, Juan Carlos1 aAvifaunal distribution in Colombia:bcurrent diversity and potential refugia under climate change / cJuan Carlos Verheist-Montenegro aBogotá (Colombia):bAcademia Colombiana de Ciencias Exactas, Físicas y Naturales,c2015. a360 páginas :bilustraciones y fotografías a color, mapas ;c24 cm. aColección Jorge Álvarez Llerasx28 aIncluye apéndices. aIncluye referencias bibliográficas (páginas 303-336).0 aCap. 1 Introducción. Cap. 2 Una revisión de los conceptos de biodiversidad y el nicho. Cap. 3 Estudio de región y metodología. Cap. 4 El desarrollo y la calidad de control de una base de datos espacial de las colecciones de aves. Cap. 5 Los patrones de diversidad de aves y rareza. Cap. 6 Refugia de la diversidad de aves bajo el cambio climático. 6aAvesxDiversidadzColombia 6aAveszColombia 6aCambio climáticoxAveszColombia 4aAvifaunaxDistribuciónzColombia 4aAves